| 000 | 01080nam a22002537a 4500 | ||
|---|---|---|---|
| 003 | BD-DhSAU | ||
| 005 | 20220524102605.0 | ||
| 008 | 220425b2018 bg bad|| |||| 001 0 eng d | ||
| 040 | _aBD-DhSAU | ||
| 082 |
_222 _a338.1 _bAr111 |
||
| 100 |
_aAra, Rowson _eRegistration # 11-04343 |
||
| 245 |
_aFactors influencing proper credit utilization of the ASA credit borrowers / _bMS thesis _cRowson Ara |
||
| 260 |
_aSher-e-Bangla Agricultural Uniersity : _bDepartment of Development and Poverty Studies ; _c2018 |
||
| 300 |
_axii, 55 p. : _bill. , charts, maps ; _c30 cm. |
||
| 500 | _aMS thesis Department of Development and Poverty Studies, Faculty of Agri busnisses, Sher-e-Bangla Agricultural University, Dhaka, Bangladesh | ||
| 590 | _akobir | ||
| 650 | _aDevelopment and Poverty Studies | ||
| 650 | _aCredit utilization | ||
| 650 | _aASA | ||
| 700 |
_aKabir, Muhammad Humayun _eSupervisor |
||
| 700 |
_aKazal, Mohammad Mizanul Haque _eCo-Supervisor |
||
| 856 |
_yOnline Access _uhttp://archive.saulibrary.edu.bd:8080/xmlui/handle/123456789/3784 |
||
| 942 |
_2ddc _cTHESIS |
||
| 999 |
_c15797 _d15796 |
||